| 000 | 00440nab a2200145Ia 4500 | ||
|---|---|---|---|
| 003 | ES-SlBCS | ||
| 005 | 20210601125445.0 | ||
| 008 | 140529s1976 xxu||||| |||| 00| 0 eng d | ||
| 041 | _aeng | ||
| 100 | 1 |
_aDauenhauer, Bernard P. _950085 |
|
| 245 | 0 | 0 |
_aRenovating the Problem of Politics _c Bernard P. Dauenhauer |
| 650 | 0 | 4 |
_aPolítica _91783 |
| 773 | 0 |
_tReview of Methaphysics _gvol. 29, nº. 116, 1976, págs. 626-641 _wRev843 |
|
| 942 | _cAR | ||
| 999 |
_c530639 _d530639 |
||